Представление документа в формате MARC21

Поле Инд. ПП Название Значение
Тип записи a
Библиографический уровень b
001 Контрольный номер DU/531232978
005 Дата корректировки 20200617094541.9
008 Кодируемые данные 20161031
040 b Код языка каталог. rus
e Правила каталог. PSBO
041 0_ a Код языка текста rus
084 a Индекс другой классификации/Индекс ББК 88.28
100 1_ a Автор Лочехина Л. И.
q Полное имя Лочехина Людмила Ивановна
100 1_ a Автор Падун М. А.
q Полное имя Падун Мария Анатольевна
245 10 a Заглавие Интеллект как ресурс совладания с посттравматическим стрессом
504 a Библиография Библиогр.: с. 40 - 43
520 0_ a Аннотация Настоящая работа посвящена вопросам изучения интеллекта как одного из копинг-ресурсов преодоления последствий травматического стресса, возникшего вследствие участия в боевых действиях. Результаты исследования свидетельствуют о том, что общий интеллект отрицательно взаимосвязан с выраженностью признаков посттравматического стресса. При этом уровень интеллекта является опосредующим звеном между уровнем выраженности посттравматического стресса и показателями нейротизма
650 14 a Основная рубрика общая психология
a Основная рубрика психические состояния
a Основная рубрика психология
653 1_ a Ключевые слова интеллект
a Ключевые слова личностные характеристики
a Ключевые слова нейротизм
a Ключевые слова посттравматические стрессовые расстройства
a Ключевые слова посттравматический стресс
a Ключевые слова психология личности
a Ключевые слова психометрический интеллект
a Ключевые слова совладание со стрессом
a Ключевые слова участники военных конфликтов
a Ключевые слова экспериментальная психология
773 08 t Заглавие источника Экспериментальная психология
d Дата издания источника 2012
g Прочая информация № 4. - С. 32 - 43 : табл.
w Контрольный № источника RU/IS/BASE/414683509
901 t Тип документа b